| 000 | 00403nam a22001217a 4500 | ||
|---|---|---|---|
| 008 | 230609b xxu||||| |||| 00| 0 eng d | ||
| 082 |
_a354.6200 _bGOK |
||
| 245 |
_a Report of the Public Accounts Committee on the Government of Kenya Accounts for the Year 2002/2003 _cGovernment of Kenya |
||
| 260 |
_aKenya _bGovernment of Kenya _c2003 |
||
| 300 | _a663 p | ||
| 710 | _bGovernment of Kenya | ||
| 942 |
_2ddc _cBK |
||
| 999 |
_c951 _d951 |
||